000 00651nam a2200181 i 4500
001 26945
003 ES-MaACL
005 20230906153529.0
007 t|
008 030113s1973 sp |||| | spa d
100 1 _aAsensio Amor, Isidoro.
_923585
245 1 0 _aComportamiento y evolución de materiales graníticos en cuencas fluviales y diferentes climas
_b: estudio morfodinámico /
_cIsidoro Asensio Amor.
260 _aMadrid :
_bInstituto de Geografía "Juan Sebastián Elcano",
_c1973.
300 _aX, 122 p. ;
_c25 cm.
650 0 4 _aGeodinámica.
_913069
710 2 _aInstituto "Juan Sebastián Elcano"
_95113
852 _aES-MaACL
_jC-51965
999 _c26945
_d26945